000 00996nam a2200301Ia 4500
001 dia_636
003 CHAP
005 20221215140929.0
008 220117s1987 xx 000 0 und d
010 _a171185
020 _a968-451-846-3
040 _cCHAP
082 _a627 F58 1987
110 _aCRANE
_9149112
245 _aFlujo de fluidos en válvulas, accesorios y tuberías /
_c Preparado por la división de ingeniería de CRANE ; traducción VALFISA
260 _aMéxico :
_b McGraw-Hill,
_c1987
300 _a1 v. (en varias paginaciones)
503 _aC.1 I.144617 \ C.2 I.151555\ C.3 I.194899\ C.4 I.194900 \ C.5 I.194903\ C.6 D.
504 _aBibliografía: p. B-34
650 _a1.Hidráulica
_9149113
650 _aDinámica de fluidos
_932627
650 _aFluidos
_941896
710 _aCRANE \ VALFISA, tr.
_9149114
901 _a627 F58 1987
902 _aM
905 _a5232271987 mx imn 8222223322spa16
942 _cLIBRO
_2ddc
999 _c171185
_d171185